G22青兰高速公路途经的地级和县级行政区 - 地图版 - Statistics

General Stats
  • This quiz has been taken 27 times
  • The average score is 50 of 70
Answers on the Map
Answers color-coded by a green-red scale on the quiz's map according to % correct below.
 
Answer Stats
行政区 % Correct
青岛市
100%
潍坊市
95%
淄博市
95%
济南市
95%
聊城市
95%
邯郸市
95%
长治市
95%
临汾市
95%
兰州市
95%
临沂市
91%
泰安市
91%
延安市
91%
白银市
91%
胶州市
86%
庆阳市
86%
平凉市
86%
固原市
86%
定西市
86%
黄岛区
82%
沂水县
82%
莱芜区
82%
泰山区
82%
城阳区
77%
诸城市
77%
钢城区
77%
岱岳区
77%
东昌府区
77%
沂源县
73%
肥城市
73%
平阴县
68%
东阿县
68%
莘县
68%
邯山区
68%
峰峰矿区
68%
城关区
68%
大名县
64%
魏县
64%
广平县
64%
武安市
64%
涉县
64%
潞城区
64%
襄汾县
64%
洛川县
64%
庆城县
64%
崆峒区
64%
榆中县
64%
成安县
59%
复兴区
59%
潞州区
59%
长子县
59%
安泽县
59%
洪洞县
59%
尧都区
59%
吉县
59%
富县
59%
西峰区
59%
隆德县
59%
会宁县
59%
安定区
59%
黎城县
55%
乡宁县
55%
宜川县
55%
黄龙县
55%
泾川县
55%
泾源县
55%
屯留区
50%
古县
50%
合水县
50%
宁县
50%
静宁县
50%
No matching quizzes found
Score Distribution
Percent of People with Each Score
Percentile by Number Answered
Your Score History
You have not taken this quiz